La efectividad técnica y la resistencia intermitente en el tenis de campo /

Bibliographic Details
Main Authors: Polanco Bustos, Diego Fernando (Author), Mariño Landazábal, Nelson Adolfo (Author), García Yerena, Carlos Enrique (Author)
Format: Electronic eBook
Language:Spanish
Published: [Pamplona, Colombia] : Universidad de Pamplona, [2022]
Subjects:
Online Access:Digitalia Hispánica

MARC

LEADER 00000nam a2200000 i 4500
001 DIGUPAMP0019
003 NyNyDIG
007 cr |||||||||||
008 240201s2022 ck a ob 000 0 spa d
006 m o d
035 |a (OCoLC)1422054698 
040 |a DGITA  |b eng  |e rda  |e pn  |c DGITA 
020 |z 9786289513301 
050 1 4 |a GV1002.9.T7 ebook 
100 1 |a Polanco Bustos, Diego Fernando,  |e author. 
245 1 3 |a La efectividad técnica y la resistencia intermitente en el tenis de campo /  |c Diego Fernando Polanco Bustos, investigador principal grupo investigación ; Nelson Adolfo Mariño Landazábal y Carlos Enrique García Yerena, coinvestigadores grupo de investigación. 
264 1 |a [Pamplona, Colombia] :  |b Universidad de Pamplona,  |c [2022] 
300 |a 1 online resource :  |b illustrations. 
336 |a text  |b txt  |2 rdacontent 
337 |a computer  |b c  |2 rdamedia 
338 |a online resource  |b cr  |2 rdacarrier 
347 |a text file  |2 rdaft 
347 |b PDF 
500 |a "Actividad física, recreación y deportes, 2022"--Cover. 
504 |a Includes bibliographical references. 
588 0 |a Online resource; title from PDF title page (Digitalia, viewed February 1, 2024) 
650 0 |a Tennis  |x Training. 
650 0 |a Tennis  |x Physiological aspects. 
700 1 |a Mariño Landazábal, Nelson Adolfo,  |e author. 
700 1 |a García Yerena, Carlos Enrique,  |e author. 
791 2 |a Digitalia (Firm),  |e distributor. 
793 0 |g Digitalia eBook Collection:  |a Universidad de Pamplona 
776 0 8 |i Print version:  |a Polanco Bustos, Diego Fernando.  |t Efectividad técnica y la resistencia intermitente en el tenis de campo.  |d [Pamplona, Colombia] : Universidad de Pamplona, [2022]  |z 9786289513301 
856 4 0 |3 Digitalia Hispánica  |u https://www.digitaliapublishing.com/a/131111/ 
910 |a Premium collection: 2024